Pla d'actuació i ordenació de l'Institut del Teatre / Josep Bosch i Espelta, Rosa Palomas i Prat
Descripción Física:
[48] f. : amb plànols ; 30 x 42 cm
Otros Autores:
Palomas Prat, Rosa
MARC
| LEADER | 00000nam a2200000Ia 4500 | ||
|---|---|---|---|
| 001 | 10192 | ||
| 008 | 160829s1986] xx 000 0 cat d | ||
| 080 | |a FOL-1-190 | ||
| 100 | |a Bosch i Espelta, Josep |9 34918 | ||
| 245 | |a Pla d'actuació i ordenació de l'Institut del Teatre / Josep Bosch i Espelta, Rosa Palomas i Prat | ||
| 260 | |a [Barcelona : |b Diputació, |c 1986] | ||
| 300 | |a [48] f. : |b amb plànols ; |c 30 x 42 cm | ||
| 650 | |a Institut del Teatre (Barcelona) |x Conservació i restauració |x Projectes |9 34919 | ||
| 700 | |a Palomas Prat, Rosa |9 34920 | ||
| 710 | 1 | |a Barcelona (Catalunya : Província). |b Diputació |9 52408 | |
| 901 | |a Arxiu | ||
| 942 | |n 1 | ||
| 952 | |0 0 |1 0 |4 0 |6 FOL1190 |7 1 |9 46694 |a Arxiu |b Arxiu |d 2016-12-01 |l 0 |o FOL-1-190 |p 10192 |r 2016-12-01 00:00:00 |w 2016-12-01 |y ARXIU | ||
| 999 | |c 50487 |d 50487 | ||